Weiter zum Inhalt

Бухгалтерский учет в современном предпринимательстве и бизнесе

Учебное пособие предназначено для лекционных, семинарских занятий, а также для организации самостоятельной работы студентов по дисциплине «Бухгалтерский учет». Цель изучения дисциплины - формирование у студентов профессиональных знаний и умений по организации и построению финансового, управленческог...

Ausführliche Beschreibung

Gespeichert in:
Bibliographische Detailangaben
1. Verfasser: Губина Е. М.
Format: Книга
Sprache:Russian
Veröffentlicht: Волгоград ВГАФК 2016
Online Zugang:https://e.lanbook.com/book/158060
https://e.lanbook.com/img/cover/book/158060.jpg
Tags: Tag hinzufügen
Keine Tags, Fügen Sie den ersten Tag hinzu!
LEADER 02249nam0a2200253 i 4500
001 158060
003 RuSpLAN
005 20221220174108.0
008 221220s2016 ru gs 000 0 rus
040 |a RuSpLAN 
041 0 |a rus 
044 |a ru 
084 |a 65.05  |2 rubbk 
245 0 0 |a Бухгалтерский учет в современном предпринимательстве и бизнесе  |c Губина Е. М. 
260 |a Волгоград  |b ВГАФК  |c 2016 
300 |a 400 с. 
500 |a Допущено к изданию решением Учебно-методического совета ФГБОУ ВО «ВГАФК» в качестве учебного пособия Печатается по решению Ученого совета ФГБОУ ВО «ВГАФК». 
504 |a Библиогр.: доступна в карточке книги, на сайте ЭБС Лань 
520 8 |a Учебное пособие предназначено для лекционных, семинарских занятий, а также для организации самостоятельной работы студентов по дисциплине «Бухгалтерский учет». Цель изучения дисциплины - формирование у студентов профессиональных знаний и умений по организации и построению финансового, управленческого учета и формированию бухгалтерской отчетности организаций в соответствии с современными требованиями, действующими нормативными документами, принятой учетной политикой в целях использования учетной информации в профессиональной деятельности. 
521 8 |a Книга из коллекции ВГАФК - Экономика и менеджмент 
100 1 |a Губина Е. М. 
856 4 |u https://e.lanbook.com/book/158060 
856 4 8 |u https://e.lanbook.com/img/cover/book/158060.jpg 
953 |a https://e.lanbook.com/img/cover/book/158060.jpg